| 000 | 01872nam a2200253Ia 4500 | ||
|---|---|---|---|
| 008 | 260220t1989||||xx |||||||||||||| ||spa|| | ||
| 020 | _a9681813608 | ||
| 040 |
_aPY-SlUNAC _bspa _erda |
||
| 041 | _aspa | ||
| 082 |
_a581 _bG88e |
||
| 100 |
_aGrime, John Philip _eAutor |
||
| 245 | 0 |
_aEstrategias de adaptación de las plantas y procesos que controlan la vegetación / _cpor John Philip Grime [Autor] |
|
| 264 |
_aCiudad de México : _bLimusa, _c℗1989. |
||
| 300 | _a1 volumen | ||
| 520 | _aEn "Estrategias de adaptación de las plantas y procesos que controlan la vegetación", John Philip Grime analiza cómo las plantas han desarrollado diversas estrategias para sobrevivir y prosperar en un entorno cambiante. El autor clasifica las especies vegetales según su capacidad de adaptación a diferentes condiciones ambientales, destacando la importancia de factores como la competencia, la perturbación y la tolerancia al estrés. Grime propone un modelo que combina las estrategias de crecimiento, reproducción y supervivencia, lo que permite entender la dinámica de las comunidades vegetales. A lo largo del libro, se abordan temas como la influencia del clima, el suelo y las interacciones biológicas en la distribución y abundancia de las plantas. Además, se enfatiza la relevancia de la ecología funcional en la conservación y manejo de ecosistemas. A través de una combinación de teoría y ejemplos prácticos, Grime proporciona un marco comprensible para estudiar la vegetación, contribuyendo al conocimiento sobre los procesos ecológicos y su aplicación en la gestión ambiental. | ||
| 653 | _aAdaptación de organismos | ||
| 653 | _aBotánica | ||
| 653 | _aEcología | ||
| 942 |
_b2026/02/17 _cBK |
||
| 999 |
_c8227 _d8227 |
||